<?xml version="1.0" encoding="UTF-8"?>
<collection xmlns="http://www.loc.gov/MARC21/slim">
 <record>
  <leader>01007nam a22001937a 4500</leader>
  <controlfield tag="001">NCT_91093</controlfield>
  <controlfield tag="008">210707b        xxu||||| |||| 00| 0 vie d</controlfield>
  <datafield tag="999" ind1=" " ind2=" ">
   <subfield code="c">4495</subfield>
   <subfield code="d">4495</subfield>
  </datafield>
  <datafield tag="020" ind1=" " ind2=" ">
   <subfield code="a">9786048869823</subfield>
   <subfield code="c">83000</subfield>
  </datafield>
  <datafield tag="082" ind1="0" ind2="4">
   <subfield code="2">23rd ed.</subfield>
   <subfield code="a">070</subfield>
   <subfield code="b">T311</subfield>
  </datafield>
  <datafield tag="100" ind1="0" ind2=" ">
   <subfield code="a">Đức Tín</subfield>
  </datafield>
  <datafield tag="245" ind1="1" ind2="0">
   <subfield code="a">Luyện kỹ năng dịch tiếng Anh báo chí</subfield>
   <subfield code="c">Đức Tín</subfield>
  </datafield>
  <datafield tag="260" ind1=" " ind2=" ">
   <subfield code="a">H.</subfield>
   <subfield code="b">Dân trí</subfield>
   <subfield code="c">2019</subfield>
  </datafield>
  <datafield tag="300" ind1=" " ind2=" ">
   <subfield code="a">305 tr.</subfield>
   <subfield code="c">24cm</subfield>
  </datafield>
  <datafield tag="520" ind1="3" ind2=" ">
   <subfield code="a">Gồm các bài tiếng Anh theo chủ đề: chính sách mở cửa, phát triển tài chính, tiếp thị, quản lý, ngoại thương và các ngành công nghiệp chính... Từ đó, nâng cao kỹ năng dịch tiếng Anh và áp dụng chúng một cách hiệu quả.</subfield>
  </datafield>
  <datafield tag="653" ind1=" " ind2=" ">
   <subfield code="a">Cơ bản</subfield>
  </datafield>
  <datafield tag="942" ind1=" " ind2=" ">
   <subfield code="2">ddc</subfield>
   <subfield code="c">BK</subfield>
  </datafield>
  <datafield tag="952" ind1=" " ind2=" ">
   <subfield code="0">0</subfield>
   <subfield code="1">0</subfield>
   <subfield code="2">ddc</subfield>
   <subfield code="4">0</subfield>
   <subfield code="6">070_000000000000000_T311</subfield>
   <subfield code="7">0</subfield>
   <subfield code="9">21494</subfield>
   <subfield code="a">000001</subfield>
   <subfield code="b">000001</subfield>
   <subfield code="d">2021-07-07</subfield>
   <subfield code="o">070 T311</subfield>
   <subfield code="p">MD.18769</subfield>
   <subfield code="r">2021-07-07</subfield>
   <subfield code="v">83000.00</subfield>
   <subfield code="w">2021-07-07</subfield>
   <subfield code="y">BK</subfield>
  </datafield>
  <datafield tag="980" ind1=" " ind2=" ">
   <subfield code="a">Thư viện Trường Đại học Nam Cần Thơ</subfield>
  </datafield>
 </record>
</collection>
